000
00309nam a22001337a 4500
005
20190330130913.0
008
190330b xxu||||| |||| 00| 0 eng d
041
_a
eng
100
_a
Pathak, Dr R C
_9
4926
245
_a
Dictionary (English to Hindi)
260
_b
Bhargava
_c
2019
300
_a
1280
942
_c
BK
999
_c
5799
_d
5797